Oceanian Countries That Have Never Made the World Cup - Statistics

General Stats
  • This quiz has been taken 56 times
  • The average score is 8 of 10
Answer Stats
Country % Correct
American Samoa
98%
Fiji
96%
Samoa
96%
Papua New Guinea
91%
Tonga
89%
Vanuatu
89%
Solomon Islands
80%
Tahiti
60%
New Caledonia
49%
Cook Islands
47%
No matching quizzes found
Score Distribution
Percent of People with Each Score
Percentile by Number Answered
Your Score History
You have not taken this quiz